Города по Буквам — О - Statistics

General Stats
  • This quiz has been taken 79 times
  • The average score is 11 of 20
Answer Stats
Подсказка Город % Correct
Норвежская столица; до 1910 — Христиания Осло
95%
Столица Канады, расположенная на границе англоязычного Онтарио и франкоязычного Квебека Оттава
92%
Английский город, университет которого — один из старейших и престижнейших в мире Оксфорд
90%
Украинский город на Чёрном море, которому посвященно множество анекдотов Одесса
89%
Российский город с "птичьим" названием Орёл
89%
Один из крупнейших городов Сибири Омск
87%
Французский город, уроженкой которого является Жанна д'Арк, а "Новым" тезкой — город в США Орлеан
81%
Приуральский степной город на границе с Казахстаном, известный пуховыми платками Оренбург
79%
Второй по величине мегаполис Японии, крупный промышленный центр Осака
68%
Самый населенный город Новой Зеландии Окленд
60%
Город, соревнующийся с Верхочнском за звание "Полюса холода" Оймякон
52%
"Южная столица" Киргизии со священной горой Сулейман-Тоо Ош
44%
Столица американского штата Техас Остин
40%
Здесь расположены крупнейшие парки развлечений, такие, как Диснейуорлд и Unversal Studios Орландо
27%
Город в Дании — родина сказочника Ганса Христиана Андерсена Оденсе
25%
Столица американского штата Нью-Йорк Олбани
22%
Испанский город, столица региога Астурия Овьедо
14%
Пятый по величине город Финляндии, шведское название — Улеаборг Оулу
13%
Второй по величине город Алжира, крупный порт Оран
11%
Крупный нигерийский город, один из крупнейших мегаполисов Нигерии Онича
2%
No matching quizzes found
Score Distribution
Percent of People with Each Score
Percentile by Number Answered
Your Score History
You have not taken this quiz